Six capitales les plus proches - Ankara - Statistiques

Statistiques générales
  • Ce quiz a été pris 77 fois
  • Le résultat moyen est 3 sur 6
Statistiques - réponses
km capitale % Correct
817 Athènes
88%
527 Nicosie
55%
854 Sofia
55%
708 Beyrouth
44%
774 Damas
44%
751 Bucarest
22%
Aucun quiz correspondant
Distribution des résultats
% des personnes avec chaque résultat
Percentile par nombre de réponses
Votre historique - résultats
Vous n’avez pas pris ce quiz